000 01652nam a2200385 c 4500
003 BLK
005 20240403005405.0
008 180409b bul|||||r ||||||| ||bul||
010 _aKNG00139716000
020 _a978-954-337-133-4
_bиздат.: Авангард принт
040 _aBLK
041 _aBUL
_cBUL
072 7 _2bullib
_aН83
_xЧужда художествена литература Н
072 7 _2bullib
_aЯ
_xАвтографи
080 _aРумънска литература
_b821.135.1
_x-94
_z821.135.1-94
080 _aРумънска литература
_b821.135.1
_x-32
_z821.135.1-32
100 1 _aСърбу, Йон Дезидериу
_eпърви автор
_9127079
700 _aСтамболиев, Огнян Тодоров
_d1947-
_gФилолог, журналист, преводач
_9365958
139 _aСърбу, Йон Дезидериу
_bС 97
245 1 0 _aДневникът на един журналист без дневник
_cЙон Дезидериу Сърбу; подб. и прев. Огнян Тодоров Стамболиев.
245 1 0 _aИсторията на мишлето "Б"
_b
_c
257 _aROM
260 Русе
_bАвангард принт
_c2012
300 _a484 с.
_c21 см
380 _aX
500 _aОриг. загл. Jurnalul unui jurnalist fara jurnal ; Soarecele B / Ion Dezideriu Sirbu.
659 _aН
659 _aЯ
852 _aЦб 258379
856 4 _qpdf
_u
856 4 _qpdf
_u
942 _cKNG
_n0
944 _aCR
_c19.02.2013
_lCRON CRON
_k
944 _aED
_c23.04.2015
_lф /
_kЛюдмила_Стоянова
999 _c133815
_d133815